Escritos: Duchamp del signo, seguido de notas

Guardat en:
Dades bibliogràfiques
Autor principal: Duchamp, Marcel (Autor)
Format: Llibre
Idioma:espanyol
Publicat: Barcelona Galaxia Gutenberg 2012
Edició:1a. ed
Col·lecció:Círculo de Lectores
Matèries:
Etiquetes: Afegir etiqueta
Sense etiquetes, Sigues el primer a etiquetar aquest registre!

MARC

LEADER 00000cam a2200000 a 4500
001 UCE7312
003 CL-VaPUC
008 150605e20120000sp |||||||||||||||||spa|d
020 |a 9788481099690 
082 0 4 |a 750.1  |b DUC  |2 21 
100 |a Duchamp, Marcel  |e author  |9 265048 
245 1 0 |a Escritos: Duchamp del signo, seguido de notas 
250 |a 1a. ed 
300 |a 556 p 
942 |c BK 
945 |d 20150605 14:50:00  |a dcastane 
260 |a Barcelona  |b Galaxia Gutenberg  |c 2012 
650 0 |a Filosofía del arte  |9 264951 
583 |a last modification  |c 20150605 14:50:00  |k Rodrigo Vera 
490 0 |a Círculo de Lectores 
999 |c 359413  |d 359411 
952 |0 0  |1 0  |3 erd  |4 0  |6 750_100000000000000_DUC_2012  |7 0  |8 R  |9 468600  |a BIBART  |b BIBART  |i 5163056  |o 750.1 DUC 2012  |p 5163056  |r 2025-03-13  |w 2019-11-23  |y BK_R  |z Catalogado en:20150605  |k ART